000 00688nam a2200193 a 4500
020 _a089312043X (pbk.)
082 0 0 _a624.1771
_bSIM
_cL-19, P-100
245 0 0 _aSimplified design :
_breinforced concrete buildings of moderate size and height /
_cedited by Gerald B. Neville.
250 _a1st ed.
260 _aSkokie, Ill. :
_bPortland Cement Association,
_cc1984.
300 _a1 v. (various pagings) :
_bill. ;
_c28 cm.
526 _a0
_b0
_c0
_d624_177100000000000_SIM
650 0 _aMCE
_9379
650 0 _aReinforced concrete construction.
650 0 _aStructural design.
700 1 _aNeville, Gerald B.
_942958
710 2 _aPortland Cement Association.
_920051
942 _2ddc
_cBK
999 _c546764
_d546764